[Event "Litohoro Summer Cup"]
[Site "Litohoro"]
[Date "2006.07.25"]
[Round "4"]
[White "Markantonis, Vasilios"]
[Black "Stiri, Alexandra"]
[Result "0-1"]
[WhiteElo "2036"]
[BlackElo "2186"]
[PlyCount "118"]
[EventDate "2006.07.22"]
[EventType "swiss"]
[EventRounds "9"]
[EventCountry "GRE"]
[SourceTitle "CBM 113 Extra"]
[Source "ChessBase"]
[SourceDate "2006.09.14"]
[SourceVersion "1"]
[SourceVersionDate "2006.09.14"]
[SourceQuality "1"]

1. b3 c5 2. Bb2 e6 3. e3 Nf6 4. Nf3 Be7 5. Be2 a6 6. 0-0 Qc7 7. c4 b6 8. d4 Bb7 9. Nc3 cxd4 10. Nxd4 d6 11. Bf3 Nc6 12. Nce2 Ne5 13. Bxb7 Qxb7 14. Ng3 h5 15. f4 Neg4 16. Qf3 Qxf3 17. Rxf3 h4 18. Nf1 Ne4 19. Ne2 Bf6 20. Bxf6 gxf6 21. g3 f5 22. Kg2 hxg3 23. h3 Ngf6 24. Nfxg3 0-0-0 25. Nxe4 Nxe4 26. Ng3 Rdg8 27. Kh2 Nd2 28. Rf2 Rxg3 29. Kxg3 Ne4+ 30. Kg2 Nxf2 31. Kxf2 Rxh3 32. Ke2 Kc7 33. Kd3 e5 34. Rf1 e4+ 35. Kd4 Rh2 36. Rg1 Kd7 37. Rg3 Rxa2 38. Rh3 Rd2+ 39. Kc3 Rd3+ 40. Kb4 d5 41. cxd5 Rxd5 42. Rh6 Rd6 43. Rh8 Rd3 44. Rh3 a5+ 45. Kc4 Kc6 46. Rh6+ Rd6 47. Rh5 b5+ 48. Kc3 Rd3+ 49. Kc2 Rd5 50. Rh7 Kc5 51. Rxf7 Kb4 52. Rf8 Rc5+ 53. Kb2 Rc3 54. Rxf5 Rxb3+ 55. Ka2 Rxe3 56. Re5 Re2+ 57. Kb1 a4 58. f5 a3 59. f6 a2+ 0-1

[Event "Ethniki tt"]
[Site "Ethniki"]
[Date "2001.??.??"]
[Round "5"]
[White "Markantonis, Vasilios"]
[Black "Kaloskambis, Mihail"]
[Result "0-1"]
[WhiteElo "2110"]
[BlackElo "2260"]
[PlyCount "74"]
[EventDate "2001.??.??"]
[EventType "team"]
[EventRounds "5"]
[EventCountry "GRE"]
[SourceTitle "EXT 2003"]
[Source "ChessBase"]
[SourceDate "2002.11.25"]
[SourceVersion "1"]
[SourceVersionDate "2002.11.25"]
[SourceQuality "1"]

1. e4 c5 2. d4 cxd4 3. c3 dxc3 4. Nxc3 Nc6 5. Nf3 e6 6. Bc4 Nf6 7. 0-0 Qc7 8. h3 a6 9. Qe2 d6 10. Bf4 Ne5 11. Bxe5 dxe5 12. Rac1 Bd7 13. Bxe6 fxe6 14. Nd5 Nxd5 15. Rxc7 Nxc7 16. Nxe5 0-0-0 17. Rc1 Be8 18. Qc4 Bd6 19. Qxe6+ Kb8 20. Qf5 Rf8 21. Qg5 Ne6 22. Qg4 Bxe5 23. Qxe6 Bd4 24. Rc2 Bc6 25. Rxc6 bxc6 26. Qxc6 Rf6 27. Qc4 Rxf2 28. Kh1 Rxb2 29. Qe6 Rb6 30. Qe7 Bf6 31. Qc5 Re6 32. g3 Bd4 33. Qa5 Rd7 34. Kh2 Ka7 35. Qf5 Rde7 36. Qxh7 Rxe4 37. h4 g5 0-1